00957cam a2200229 a 450000100100000000500170001000800410002702000150006804000250008308200160010810000340012424502030015826000470036130000210040849000130042950400740044259000260051670000350054283000190057795201140059699900170071000001976020200929170129.0100705s1973 sp r 000 0 spa  a8485321081 aDO-SdBNPbspacBNPHU axxxxbG433a1 aGianini Belotti, Elena94221810aA favor de las niñas :bla influencia de los condicionamientos sociales en la formación del rol femenino, en los primeros años de vida /cElena Gianini Belotti ; traducción Giovanna Machado. aBarcelona, España :bMonte Avila,c1973. a213 p. ;c18 cm.1 aEstudios aIncluye referencias bibliográficas y notas al pie de las páginas. aInventariado, 2019/BT1 aMachado, Giovanna,etr.942219 0aEstudios93854 001050718MOaGRbGRcHDd2019-07-08iLF1l0oxxxx G433ap19760-10r2020-06-25w2020-06-25y1ZNo se presta c19274d19274